00374nam a2200121 a 4500003000900000005001700009007000300026008004100029040002600070082000700096245009000103260005900193DO-SdBNP20230320135044.0ta150206s1988 000 spa d aDO-SdBNPcBNPHU bspa 422200aLey Núm. 1896 Sobre Seguros Sociales con sus modificaciones y disposiciones afines. aSanto Domingo, República Dominicana :bs.n. ,c1988.